000
00262nam a2200097Ia 4500
001
1165900
005
20251202114138.0
008
250824s9999 xx 000 0 und d
245
0
_a
DÜŞLERİN PEŞİNDEKİ ÇOCUK
_c
KORAY AVCI ÇAKMAN
260
_b
ALTIN KİTAPLARI
999
_c
1165900
_d
1165900